Debates contemporǹeos de derecho internacional econm̤ico

Detalles Bibliográficos
Formato: eBook
Lenguaje:español
Publicado: Bogot:̀ Editorial Universidad de Rosario (Colombia), 2020
Materias:
Acceso en línea:Acceso restringido

MARC

LEADER 00000nam a22000007a 4500
005 20210427225930.0
007 cr|||| ||||
008 210427s2020 co |||||s|||| 00||0 spa d
020 |a 978-958-784-555-6 
035 |a 33125 
040 |a vLex 
090 |c 11540  |d 11540 
245 0 0 |a Debates contemporǹeos de derecho internacional econm̤ico  |h [Recurso electrn̤ico] / 
256 |a Servicio en ln̕ea 
260 |a Bogot:̀  |b Editorial Universidad de Rosario (Colombia),  |c 2020 
300 |a 1 recurso electrn̤ico 
506 1 |a Disponible solo en los productos indicados  |d vLex Global  |d vLex Global (Academic Edition, excluding Law Schools)  |d vLex Global (U.S. Academic Edition, Law Schools)  |d vLex Global (U.S. Academic Edition, excluding Law Schools)  |d vLex Global (Academic Edition, Law Schools) 
650 0 4 |a Derecho Internacional  |z Colombia 
650 0 4 |a Economa̕ y negocios  |z Colombia 
740 0 |a vLex Libros (Servicio en ln̕ea) 
856 4 0 |u https://vlex.com/source/debates-contemporaneos-derecho-internacional-economico-33125  |z Acceso restringido 
942 |c BOOK 
999 0 |a International Law 
999 0 |a Economy and business